[Event "ODJM B 2024"]
[Site "Willingen GER"]
[Date "2024.05.22"]
[Round "5"]
[White "Jung, Marcel"]
[Black "Stettner, Oskar"]
[Result "0-1"]
[Termination "normal"]
[Board "28"]
[WhiteElo "1709"]
[BlackElo "1672"]
[WhiteClock "00:48:37"]
[BlackClock "00:33:01"]
[PlyCount "76"]
[WhiteFideId "34673881"]
[BlackFideId "34617035"]
[EventCountry "GER"]
[EventRounds "9"]
[EventType "swiss"]
[EventDate "2024.05.18"]

1. e4 {[%clk 01:30:38]} {[%emt 00:00:21]} c6 {[%clk 01:30:59]} {[%emt
00:00:01]} 2. d4 {[%clk 01:30:46]} {[%emt 00:00:21]} d5 {[%clk 01:31:29]}
{[%emt 00:00:02]} 3. exd5 {[%clk 01:30:29]} {[%emt 00:00:47]} cxd5 {[%clk
01:31:57]} {[%emt 00:00:02]} 4. c4 {[%clk 01:30:15]} {[%emt 00:00:44]} Nf6
{[%clk 01:32:17]} {[%emt 00:00:10]} 5. Nc3 {[%clk 01:30:03]} {[%emt 00:00:41]}
Nc6 {[%clk 01:31:15]} {[%emt 00:01:33]} 6. Nf3 {[%clk 01:30:15]} {[%emt
00:00:16]} Be6 {[%clk 01:31:11]} {[%emt 00:00:35]} 7. c5 {[%clk 01:29:25]}
{[%emt 00:01:20]} Qc7 {[%clk 01:26:54]} {[%emt 00:04:48]} 8. Be2 {[%clk
01:28:52]} {[%emt 00:01:02]} g6 {[%clk 01:26:53]} {[%emt 00:00:32]} 9. O-O
{[%clk 01:28:50]} {[%emt 00:00:31]} Bg7 {[%clk 01:27:19]} {[%emt 00:00:05]} 10.
Nb5 {[%clk 01:28:52]} {[%emt 00:00:27]} Qb8 {[%clk 01:26:03]} {[%emt 00:01:46]}
11. g3 {[%clk 01:22:07]} {[%emt 00:07:15]} Qd8 {[%clk 01:22:08]} {[%emt
00:04:25]} 12. Bf4 {[%clk 01:19:21]} {[%emt 00:03:15]} Rc8 {[%clk 01:22:33]}
{[%emt 00:00:06]} 13. Ng5 {[%clk 01:09:51]} {[%emt 00:09:59]} Bd7 {[%clk
01:15:11]} {[%emt 00:07:53]} 14. Re1 {[%clk 01:01:56]} {[%emt 00:08:25]} O-O
{[%clk 01:14:03]} {[%emt 00:01:39]} 15. Bf1 {[%clk 01:01:41]} {[%emt 00:00:44]}
a6 {[%clk 01:09:56]} {[%emt 00:04:38]} 16. Nc3 {[%clk 01:01:58]} {[%emt
00:00:13]} h6 {[%clk 01:07:51]} {[%emt 00:02:35]} 17. Nf3 {[%clk 01:02:20]}
{[%emt 00:00:08]} g5 {[%clk 01:07:44]} {[%emt 00:00:36]} 18. Be3 {[%clk
01:02:35]} {[%emt 00:00:15]} Bg4 {[%clk 00:56:02]} {[%emt 00:12:12]} 19. h3
{[%clk 01:01:44]} {[%emt 00:01:21]} Bh5 {[%clk 00:51:53]} {[%emt 00:04:40]} 20.
g4 {[%clk 01:00:19]} {[%emt 00:01:55]} Bg6 {[%clk 00:47:49]} {[%emt 00:04:33]}
21. Qd2 {[%clk 00:58:15]} {[%emt 00:02:32]} Ne4 {[%clk 00:43:26]} {[%emt
00:04:55]} 22. Nxe4 {[%emt 00:04:24]} dxe4 {[%clk 00:39:51]} {[%emt 00:00:09]}
23. Nh2 {[%clk 00:56:44]} {[%emt 00:02:00]} Bxd4 {[%clk 00:39:31]} {[%emt
00:00:53]} 24. Bxd4 {[%clk 00:56:56]} {[%emt 00:00:18]} Qxd4 {[%clk 00:39:33]}
{[%emt 00:00:28]} 25. Qxd4 {[%clk 00:55:42]} {[%emt 00:01:44]} Nxd4 {[%clk
00:40:02]} {[%emt 00:00:02]} 26. Rad1 {[%clk 00:55:59]} {[%emt 00:00:13]} Ne6
{[%clk 00:38:13]} {[%emt 00:02:18]} 27. Rd7 {[%clk 00:55:37]} {[%emt 00:00:51]}
Nxc5 {[%clk 00:38:29]} {[%emt 00:00:15]} 28. Rxe7 {[%clk 00:55:57]} {[%emt
00:00:10]} Rfe8 {[%clk 00:37:39]} {[%emt 00:01:18]} 29. Rxe8+ {[%clk 00:55:16]}
{[%emt 00:01:13]} Rxe8 {[%clk 00:38:08]} {[%emt 00:00:01]} 30. Rc1 {[%clk
00:54:46]} {[%emt 00:00:59]} Ne6 {[%clk 00:37:19]} {[%emt 00:01:20]} 31. Rc3
{[%clk 00:54:33]} {[%emt 00:00:44]} Re7 {[%clk 00:36:25]} {[%emt 00:01:23]} 32.
b4 {[%clk 00:52:29]} {[%emt 00:02:35]} Nf4 {[%clk 00:33:44]} {[%emt 00:03:10]}
33. b5 {[%clk 00:49:53]} {[%emt 00:03:06]} axb5 {[%clk 00:33:32]} {[%emt
00:00:42]} 34. Bxb5 {[%clk 00:49:45]} {[%emt 00:00:38]} Re5 {[%clk 00:33:07]}
{[%emt 00:00:55]} 35. a4 {[%clk 00:48:51]} {[%emt 00:01:24]} Kg7 {[%clk
00:33:05]} {[%emt 00:00:32]} 36. Nf1 {[%clk 00:48:48]} {[%emt 00:00:33]} Rxb5
{[%clk 00:33:20]} {[%emt 00:00:15]} 37. Ng3 {[%clk 00:48:28]} {[%emt 00:00:50]}
Rb1+ {[%clk 00:33:01]} {[%emt 00:00:49]} 38. Kh2 {[%clk 00:48:37]} {[%emt
00:00:20]} Rb2 {[%emt 00:01:00]} 0-1

[Event "ODJM B 2024"]
[Site "Willingen GER"]
[Date "2024.05.22"]
[Round "5"]
[White "Klages, Jonas"]
[Black "Neumeier, Konstantin"]
[Result "1-0"]
[Termination "normal"]
[Board "29"]
[WhiteElo "1693"]
[BlackElo "1710"]
[PlyCount "92"]
[WhiteFideId "34639993"]
[BlackFideId "34608230"]
[EventCountry "GER"]
[EventRounds "9"]
[EventType "swiss"]
[EventDate "2024.05.18"]

1. e4 e5 2. Sf3 Sf6 3. Sc3 Sc6 4. LL5 a6 5. Lxc6 dxc6 6. Sxe5 De7 7. d4 Sxe4 8.
Sxe4 f6 9. O-O fxe5 10. Dh5+ g6 11. Dxe5 Dxe5 12. dxe5 Lg7 13. Sd2 O-O 14. Te1
Le6 15. L3 Tad8 16. Sf3 Td7 17. LL2 Te8 18. Sg5 L6 19. Sxe6 Txe6 20. f4 Td2 21.
Tac1 Lh6 22. g3 Lf8 23. Ted1 Lc5+ 24. Kh1 Le3 25. Txd2 Lxd2 26. Td1 LL4 27. Td7
Te7 28. Txe7 Lxe7 29. g4 Kf7 30. Kg2 Ke6 31. Kf3 Lc5 32. Ke4 Lg1 33. h4 L5 34.
Ld4 Lxd4 35. Kxd4 a5 36. Kc5 Kd7 37. f5 gxf5 38. gxf5 h5 39. a3 a4 40. Lxa4
Lxa4 41. c4 Ke7 42. Kxc6 Kd8 43. f6 Ke8 44. Kxc7 Kf7 45. Kd7 1-0[ePGN "0.1;DGT
LiveChess/2.2.6"]

[Event "ODJM B 2024"]
[Site "Willingen GER"]
[Date "2024.05.22"]
[Round "5"]
[White "Studzinski, Bruno"]
[Black "Rodriguez, Philipp"]
[Result "1/2-1/2"]
[Termination "normal"]
[Board "30"]
[WhiteElo "1815"]
[BlackElo "1663"]
[WhiteClock "00:21:37"]
[BlackClock "00:40:58"]
[PlyCount "45"]
[WhiteFideId "16296478"]
[BlackFideId "34659170"]
[EventCountry "GER"]
[EventRounds "9"]
[EventType "swiss"]
[EventDate "2024.05.18"]

1. d4 {[%clk 01:30:59]} {[%emt 00:00:01]} d5 {[%clk 01:30:44]} {[%emt
00:00:16]} 2. Bf4 {[%clk 01:31:25]} {[%emt 00:00:04]} Nf6 {[%clk 01:31:04]}
{[%emt 00:00:09]} 3. e3 {[%clk 01:31:51]} {[%emt 00:00:05]} e6 {[%clk
01:31:26]} {[%emt 00:00:08]} 4. Nf3 {[%clk 01:32:08]} {[%emt 00:00:12]} b6
{[%clk 01:31:01]} {[%emt 00:00:54]} 5. c3 {[%clk 01:32:21]} {[%emt 00:00:18]}
Bd6 {[%clk 01:31:21]} {[%emt 00:00:10]} 6. Bg3 {[%clk 01:31:37]} {[%emt
00:01:14]} O-O {[%clk 01:31:32]} {[%emt 00:00:18]} 7. Nbd2 {[%clk 01:31:52]}
{[%emt 00:00:16]} c5 {[%clk 01:31:54]} {[%emt 00:00:07]} 8. Bd3 {[%clk
01:30:52]} {[%emt 00:01:31]} Ba6 {[%clk 01:32:18]} {[%emt 00:00:06]} 9. Bxa6
{[%clk 01:29:37]} {[%emt 00:01:46]} Nxa6 {[%clk 01:31:32]} {[%emt 00:01:15]}
10. Bxd6 {[%clk 01:28:02]} {[%emt 00:02:05]} Qxd6 {[%clk 01:31:55]} {[%emt
00:00:07]} 11. Qe2 {[%clk 01:28:13]} {[%emt 00:00:20]} Nb8 {[%clk 01:32:19]}
{[%emt 00:00:06]} 12. O-O {[%clk 01:25:28]} {[%emt 00:03:15]} Nc6 {[%clk
01:32:39]} {[%emt 00:00:09]} 13. Rac1 {[%clk 01:08:44]} {[%emt 00:17:14]} Ne7
{[%clk 01:27:11]} {[%emt 00:05:58]} 14. e4 {[%clk 01:05:31]} {[%emt 00:03:43]}
dxe4 {[%clk 01:23:23]} {[%emt 00:04:18]} 15. Nxe4 {[%clk 01:05:55]} {[%emt
00:00:06]} Nxe4 {[%clk 01:23:32]} {[%emt 00:00:21]} 16. Qxe4 {[%clk 01:06:14]}
{[%emt 00:00:11]} Rfc8 {[%clk 01:17:39]} {[%emt 00:06:23]} 17. Rfd1 {[%clk
01:06:02]} {[%emt 00:00:43]} c4 {[%clk 01:11:02]} {[%emt 00:07:06]} 18. Ne5
{[%clk 00:58:10]} {[%emt 00:08:21]} Qd5 {[%clk 01:07:01]} {[%emt 00:04:32]} 19.
Qf4 {[%clk 00:57:28]} {[%emt 00:01:12]} Nf5 {[%clk 01:00:09]} {[%emt 00:07:22]}
20. Re1 {[%clk 00:50:34]} {[%emt 00:07:25]} Qd6 {[%clk 00:54:04]} {[%emt
00:06:33]} 21. Qg4 {[%clk 00:37:35]} {[%emt 00:13:28]} b5 {[%clk 00:49:17]}
{[%emt 00:05:19]} 22. Qh5 {[%clk 00:31:26]} {[%emt 00:06:39]} Rc7 {[%clk
00:40:58]} {[%emt 00:08:48]} 23. g4 {[%clk 00:21:37]} {[%emt 00:10:20]} *

[Event "ODJM B 2024"]
[Site "Willingen GER"]
[Date "2024.05.22"]
[Round "5"]
[White "Frank, Carolin"]
[Black "Mersmann, Jasmin"]
[Result "1-0"]
[Termination "normal"]
[Board "31"]
[WhiteElo "1766"]
[BlackElo "1486"]
[WhiteClock "00:05:54"]
[BlackClock "00:56:48"]
[PlyCount "60"]
[WhiteFideId "16207190"]
[BlackFideId "34630287"]
[EventCountry "GER"]
[EventRounds "9"]
[EventType "swiss"]
[EventDate "2024.05.18"]

1. Nf3 {[%clk 01:30:57]} {[%emt 00:00:02]} d5 {[%clk 01:30:23]} {[%emt
00:00:37]} 2. g3 {[%clk 01:31:22]} {[%emt 00:00:05]} Nf6 {[%clk 01:30:14]}
{[%emt 00:00:39]} 3. Bg2 {[%clk 01:31:44]} {[%emt 00:00:08]} b5 {[%clk
01:30:21]} {[%emt 00:00:24]} 4. d4 {[%emt 00:06:26]} Bb7 {[%clk 01:30:15]}
{[%emt 00:00:03]} 5. O-O {[%clk 01:26:06]} {[%emt 00:00:42]} e6 {[%clk
01:30:01]} {[%emt 00:00:45]} 6. c3 {[%clk 01:24:24]} {[%emt 00:02:12]} Bd6
{[%clk 01:29:32]} {[%emt 00:00:58]} 7. Nbd2 {[%clk 01:22:02]} {[%emt 00:02:53]}
Nbd7 {[%clk 01:29:28]} {[%emt 00:00:34]} 8. Qc2 {[%clk 01:21:10]} {[%emt
00:01:22]} c5 {[%clk 01:29:31]} {[%emt 00:00:26]} 9. Re1 {[%clk 01:11:00]}
{[%emt 00:10:40]} cxd4 {[%clk 01:22:10]} {[%emt 00:07:53]} 10. Nxd4 {[%clk
01:07:27]} {[%emt 00:04:02]} b4 {[%clk 01:20:04]} {[%emt 00:02:36]} 11. Nb5
{[%clk 01:05:12]} {[%emt 00:02:44]} Qb6 {[%clk 01:18:59]} {[%emt 00:01:35]} 12.
Nxd6+ {[%clk 01:03:22]} {[%emt 00:02:20]} Qxd6 {[%clk 01:17:57]} {[%emt
00:01:32]} 13. cxb4 {[%clk 00:58:22]} {[%emt 00:05:31]} O-O {[%clk 01:18:00]}
{[%emt 00:00:27]} 14. Qb3 {[%clk 00:56:19]} {[%emt 00:02:32]} Ba6 {[%clk
01:17:46]} {[%emt 00:00:43]} 15. Nf3 {[%clk 00:51:37]} {[%emt 00:05:13]} Rab8
{[%clk 01:15:15]} {[%emt 00:02:55]} 16. Bf4 {[%clk 00:47:16]} {[%emt 00:04:57]}
e5 {[%clk 01:14:42]} {[%emt 00:01:05]} 17. Bd2 {[%clk 00:46:40]} {[%emt
00:01:00]} Ne4 {[%clk 01:12:03]} {[%emt 00:03:12]} 18. a3 {[%clk 00:42:03]}
{[%emt 00:05:09]} Bc4 {[%clk 01:12:05]} {[%emt 00:00:27]} 19. Qd1 {[%clk
00:38:15]} {[%emt 00:04:18]} f5 {[%clk 01:08:14]} {[%emt 00:04:21]} 20. Rc1
{[%clk 00:31:15]} {[%emt 00:07:31]} a5 {[%clk 01:07:11]} {[%emt 00:01:33]} 21.
b3 {[%clk 00:24:25]} {[%emt 00:07:20]} Ba6 {[%clk 01:04:57]} {[%emt 00:02:42]}
22. bxa5 {[%clk 00:18:34]} {[%emt 00:06:24]} Qxa3 {[%clk 01:04:48]} {[%emt
00:00:38]} 23. Ra1 {[%clk 00:11:44]} {[%emt 00:07:20]} Qxb3 {[%clk 01:04:34]}
{[%emt 00:00:43]} 24. Qxb3 {[%clk 00:11:31]} {[%emt 00:00:44]} Rxb3 {[%clk
01:04:51]} {[%emt 00:00:13]} 25. Bc1 {[%clk 00:07:38]} {[%emt 00:04:22]} Ra8
{[%clk 01:03:35]} {[%emt 00:01:44]} 26. Nd2 {[%clk 00:06:45]} {[%emt 00:01:26]}
Rb5 {[%clk 01:02:57]} {[%emt 00:01:06]} 27. Nxe4 {[%clk 00:06:38]} {[%emt
00:00:39]} dxe4 {[%clk 01:00:46]} {[%emt 00:02:41]} 28. Rd1 {[%clk 00:06:39]}
{[%emt 00:00:28]} Rb7 {[%clk 00:59:17]} {[%emt 00:01:58]} 29. e3 {[%clk
00:06:25]} {[%emt 00:00:46]} Nf6 {[%clk 00:57:23]} {[%emt 00:02:23]} 30. Ra2
{[%clk 00:05:54]} {[%emt 00:01:01]} Bc4 {[%clk 00:56:48]} {[%emt 00:01:04]} *

[Event "ODJM B 2024"]
[Site "Willingen GER"]
[Date "2024.05.22"]
[Round "5"]
[White "Tabales, Lennart"]
[Black "Wilmink, Luca"]
[Result "1/2-1/2"]
[Termination "normal"]
[Board "32"]
[WhiteElo "1587"]
[BlackElo "1737"]
[WhiteClock "00:40:47"]
[BlackClock "00:20:17"]
[PlyCount "48"]
[WhiteFideId "34604057"]
[BlackFideId "16245253"]
[EventCountry "GER"]
[EventRounds "9"]
[EventType "swiss"]
[EventDate "2024.05.18"]

1. e4 {[%clk 01:30:59]} {[%emt 00:00:01]} c5 {[%clk 01:30:52]} {[%emt
00:00:08]} 2. c3 {[%clk 01:31:25]} {[%emt 00:00:04]} d5 {[%clk 01:30:10]}
{[%emt 00:01:11]} 3. exd5 {[%clk 01:31:32]} {[%emt 00:00:23]} Qxd5 {[%clk
01:28:54]} {[%emt 00:01:46]} 4. d4 {[%clk 01:31:45]} {[%emt 00:00:18]} cxd4
{[%clk 01:28:06]} {[%emt 00:01:18]} 5. cxd4 {[%clk 01:32:07]} {[%emt 00:00:07]}
Nc6 {[%clk 01:27:10]} {[%emt 00:01:26]} 6. Nf3 {[%clk 01:32:20]} {[%emt
00:00:18]} Bg4 {[%clk 01:22:28]} {[%emt 00:05:12]} 7. Nc3 {[%clk 01:32:24]}
{[%emt 00:00:26]} Qa5 {[%clk 01:07:12]} {[%emt 00:15:43]} 8. d5 {[%clk
01:20:25]} {[%emt 00:12:32]} Rd8 {[%clk 00:55:04]} {[%emt 00:12:37]} 9. Qb3
{[%clk 01:10:36]} {[%emt 00:10:20]} Bxf3 {[%clk 00:50:58]} {[%emt 00:04:36]}
10. gxf3 {[%clk 01:09:54]} {[%emt 00:01:12]} Nd4 {[%clk 00:45:31]} {[%emt
00:05:57]} 11. Qxb7 {[%clk 01:03:34]} {[%emt 00:06:50]} Nf6 {[%clk 00:44:37]}
{[%emt 00:01:24]} 12. Bb5+ {[%clk 00:59:34]} {[%emt 00:04:30]} Nxb5 {[%clk
00:42:05]} {[%emt 00:03:01]} 13. Qxb5+ {[%clk 00:59:53]} {[%emt 00:00:12]} Qxb5
{[%clk 00:42:31]} {[%emt 00:00:05]} 14. Nxb5 {[%clk 01:00:19]} {[%emt
00:00:04]} Rd7 {[%clk 00:42:26]} {[%emt 00:00:33]} 15. Nc3 {[%clk 00:52:19]}
{[%emt 00:08:31]} Nxd5 {[%clk 00:41:44]} {[%emt 00:01:12]} 16. Nxd5 {[%clk
00:52:41]} {[%emt 00:00:08]} Rxd5 {[%clk 00:42:09]} {[%emt 00:00:05]} 17. Be3
{[%clk 00:53:01]} {[%emt 00:00:09]} a6 {[%clk 00:41:41]} {[%emt 00:00:58]} 18.
Ke2 {[%clk 00:52:39]} {[%emt 00:00:53]} e6 {[%clk 00:39:37]} {[%emt 00:02:33]}
19. Rac1 {[%clk 00:44:45]} {[%emt 00:08:25]} Be7 {[%clk 00:32:20]} {[%emt
00:07:46]} 20. Rhd1 {[%clk 00:43:00]} {[%emt 00:02:15]} Rxd1 {[%clk 00:26:34]}
{[%emt 00:06:17]} 21. Rxd1 {[%clk 00:43:13]} {[%emt 00:00:17]} O-O {[%clk
00:26:56]} {[%emt 00:00:07]} 22. Rd7 {[%clk 00:42:25]} {[%emt 00:01:18]} Bf6
{[%clk 00:24:54]} {[%emt 00:02:33]} 23. b3 {[%clk 00:40:59]} {[%emt 00:01:56]}
Ra8 {[%clk 00:25:13]} {[%emt 00:00:10]} 24. Kd3 {[%clk 00:40:47]} {[%emt
00:00:42]} Kf8 {[%clk 00:20:17]} {[%emt 00:05:27]} *

[Event "ODJM B 2024"]
[Site "Willingen GER"]
[Date "2024.05.22"]
[Round "5"]
[White "Meijers, Jaroslav"]
[Black "Mahr, Thorben"]
[Result "1-0"]
[Termination "normal"]
[Board "33"]
[WhiteElo "1704"]
[BlackElo "1496"]
[WhiteClock "00:03:17"]
[BlackClock "00:56:22"]
[PlyCount "55"]
[WhiteFideId "34143297"]
[BlackFideId "34699589"]
[EventCountry "GER"]
[EventRounds "9"]
[EventType "swiss"]
[EventDate "2024.05.18"]

1. d4 {[%clk 01:30:51]} {[%emt 00:00:08]} d5 {[%clk 01:30:57]} {[%emt
00:00:04]} 2. c4 {[%clk 01:31:14]} {[%emt 00:00:08]} e6 {[%clk 01:31:23]}
{[%emt 00:00:03]} 3. Nc3 {[%clk 01:31:38]} {[%emt 00:00:06]} Nf6 {[%clk
01:31:45]} {[%emt 00:00:08]} 4. cxd5 {[%clk 01:32:00]} {[%emt 00:00:08]} exd5
{[%clk 01:32:06]} {[%emt 00:00:09]} 5. Bg5 {[%clk 01:31:56]} {[%emt 00:00:34]}
Be7 {[%emt 00:00:11]} 6. e3 {[%clk 01:31:53]} {[%emt 00:00:30]} O-O {[%clk
01:32:49]} {[%emt 00:00:09]} 7. Bd3 {[%clk 01:30:18]} {[%emt 00:02:05]} h6
{[%clk 01:33:04]} {[%emt 00:00:15]} 8. Bh4 {[%clk 01:29:47]} {[%emt 00:01:01]}
Be6 {[%emt 00:02:49]} 9. Nf3 {[%clk 01:24:41]} {[%emt 00:04:35]} Nbd7 {[%clk
01:31:43]} {[%emt 00:00:33]} 10. Qc2 {[%clk 01:19:49]} {[%emt 00:05:22]} c6
{[%clk 01:29:59]} {[%emt 00:02:15]} 11. h3 {[%clk 01:12:54]} {[%emt 00:07:24]}
b5 {[%clk 01:25:39]} {[%emt 00:04:51]} 12. O-O {[%clk 01:08:35]} {[%emt
00:04:48]} a6 {[%clk 01:15:28]} {[%emt 00:10:42]} 13. a3 {[%clk 00:56:27]}
{[%emt 00:12:37]} c5 {[%clk 01:11:20]} {[%emt 00:04:38]} 14. dxc5 {[%clk
00:52:47]} {[%emt 00:04:11]} Nxc5 {[%clk 01:11:42]} {[%emt 00:00:07]} 15. Bf5
{[%clk 00:50:20]} {[%emt 00:02:57]} Rc8 {[%clk 01:04:45]} {[%emt 00:07:27]} 16.
Nd4 {[%clk 00:39:19]} {[%emt 00:11:31]} Bxf5 {[%clk 00:58:33]} {[%emt
00:06:42]} 17. Nxf5 {[%clk 00:30:27]} {[%emt 00:09:22]} Nce4 {[%clk 00:57:40]}
{[%emt 00:01:22]} 18. Nxe7+ {[%clk 00:20:51]} {[%emt 00:10:06]} Qxe7 {[%clk
00:57:59]} {[%emt 00:00:12]} 19. Nxd5 {[%clk 00:14:28]} {[%emt 00:06:53]} Rxc2
{[%clk 00:57:34]} {[%emt 00:00:55]} 20. Nxe7+ {[%clk 00:14:46]} {[%emt
00:00:12]} Kh7 {[%clk 00:57:30]} {[%emt 00:00:34]} 21. Bxf6 {[%clk 00:14:39]}
{[%emt 00:00:37]} Nxf6 {[%clk 00:57:33]} {[%emt 00:00:27]} 22. b4 {[%clk
00:13:40]} {[%emt 00:01:29]} g6 {[%clk 00:57:50]} {[%emt 00:00:13]} 23. Rac1
{[%clk 00:06:06]} {[%emt 00:08:03]} Ra2 {[%clk 00:57:45]} {[%emt 00:00:35]} 24.
Rc6 {[%clk 00:05:21]} {[%emt 00:01:16]} Ne4 {[%clk 00:57:16]} {[%emt 00:00:59]}
25. Rxa6 {[%clk 00:05:00]} {[%emt 00:00:51]} Nd2 {[%clk 00:56:58]} {[%emt
00:00:48]} 26. Rd1 {[%clk 00:05:11]} {[%emt 00:00:19]} Nc4 {[%clk 00:57:06]}
{[%emt 00:00:21]} 27. Rd3 {[%clk 00:04:30]} {[%emt 00:01:11]} Re8 {[%clk
00:56:22]} {[%emt 00:01:14]} 28. Nc6 {[%clk 00:03:17]} {[%emt 00:01:44]} *

[Event "ODJM B 2024"]
[Site "Willingen GER"]
[Date "2024.05.22"]
[Round "5"]
[White "Hildebrand, Azat"]
[Black "Borgmann, Simon"]
[Result "0-1"]
[Termination "normal"]
[Board "40"]
[WhiteElo "1681"]
[BlackElo "1683"]
[WhiteClock "00:24:07"]
[BlackClock "00:29:34"]
[PlyCount "41"]
[WhiteFideId "34607536"]
[BlackFideId "16234677"]
[EventCountry "GER"]
[EventRounds "9"]
[EventType "swiss"]
[EventDate "2024.05.18"]

1. d4 {[%clk 01:30:53]} {[%emt 00:00:06]} d5 {[%clk 01:30:15]} {[%emt
00:00:46]} 2. Nf3 {[%clk 01:31:15]} {[%emt 00:00:08]} Nf6 {[%clk 01:29:48]}
{[%emt 00:00:57]} 3. e3 {[%clk 01:31:24]} {[%emt 00:00:20]} e6 {[%clk
01:28:38]} {[%emt 00:01:40]} 4. Bd3 {[%clk 01:31:41]} {[%emt 00:00:13]} b6
{[%clk 01:25:30]} {[%emt 00:03:39]} 5. Nbd2 {[%clk 01:31:07]} {[%emt 00:01:04]}
Bb7 {[%clk 01:25:10]} {[%emt 00:00:50]} 6. O-O {[%clk 01:28:50]} {[%emt
00:02:46]} Bd6 {[%clk 01:22:07]} {[%emt 00:03:33]} 7. b3 {[%clk 01:27:11]}
{[%emt 00:02:10]} Nbd7 {[%clk 01:18:06]} {[%emt 00:04:31]} 8. Bb2 {[%clk
01:26:59]} {[%emt 00:00:42]} O-O {[%clk 01:14:59]} {[%emt 00:03:37]} 9. c4
{[%clk 01:21:25]} {[%emt 00:06:04]} Ne4 {[%clk 01:10:46]} {[%emt 00:04:43]} 10.
cxd5 {[%clk 01:17:03]} {[%emt 00:04:53]} Nxd2 {[%clk 01:10:35]} {[%emt
00:00:41]} 11. Qxd2 {[%clk 01:16:51]} {[%emt 00:00:41]} exd5 {[%clk 01:10:16]}
{[%emt 00:00:49]} 12. Rac1 {[%clk 01:12:58]} {[%emt 00:04:22]} Rc8 {[%clk
01:06:40]} {[%emt 00:04:07]} 13. Qe2 {[%clk 01:10:27]} {[%emt 00:03:02]} Rb8
{[%clk 00:54:11]} {[%emt 00:12:59]} 14. a3 {[%clk 01:07:43]} {[%emt 00:03:14]}
c5 {[%clk 00:50:56]} {[%emt 00:03:45]} 15. Bb1 {[%clk 00:59:35]} {[%emt
00:08:38]} Qe7 {[%clk 00:43:08]} {[%emt 00:08:18]} 16. a4 {[%clk 00:49:24]}
{[%emt 00:10:41]} cxd4 {[%clk 00:38:36]} {[%emt 00:05:02]} 17. Nxd4 {[%clk
00:48:02]} {[%emt 00:01:51]} Be5 {[%clk 00:35:34]} {[%emt 00:03:33]} 18. f4
{[%clk 00:32:30]} {[%emt 00:16:02]} Bxd4 {[%clk 00:34:37]} {[%emt 00:01:27]}
19. Bxd4 {[%clk 00:29:40]} {[%emt 00:03:20]} f6 {[%clk 00:31:23]} {[%emt
00:03:44]} 20. Rf3 {[%clk 00:26:18]} {[%emt 00:03:51]} Rbc8 {[%clk 00:29:34]}
{[%emt 00:02:20]} 21. Rcf1 {[%clk 00:24:07]} {[%emt 00:02:40]} *

[Event "ODJM B 2024"]
[Site "Willingen GER"]
[Date "2024.05.22"]
[Round "5"]
[White "Lohrmann, Linus"]
[Black "Menne, Lukas"]
[Result "1-0"]
[Termination "normal"]
[Board "41"]
[WhiteElo "1621"]
[BlackElo "1636"]
[WhiteClock "00:49:57"]
[BlackClock "01:03:46"]
[PlyCount "43"]
[WhiteFideId "12982857"]
[BlackFideId "16288467"]
[EventCountry "GER"]
[EventRounds "9"]
[EventType "swiss"]
[EventDate "2024.05.18"]

1. e4 {[%clk 01:30:57]} {[%emt 00:00:02]} c5 {[%clk 01:30:52]} {[%emt
00:00:09]} 2. Nf3 {[%clk 01:31:21]} {[%emt 00:00:06]} d6 {[%clk 01:31:13]}
{[%emt 00:00:09]} 3. d4 {[%clk 01:31:18]} {[%emt 00:00:33]} cxd4 {[%clk
01:31:34]} {[%emt 00:00:09]} 4. Nxd4 {[%clk 01:31:42]} {[%emt 00:00:06]} Nf6
{[%clk 01:31:55]} {[%emt 00:00:09]} 5. Nc3 {[%clk 01:32:09]} {[%emt 00:00:04]}
a6 {[%clk 01:32:19]} {[%emt 00:00:06]} 6. f3 {[%clk 01:31:57]} {[%emt
00:00:42]} g6 {[%clk 01:32:04]} {[%emt 00:00:45]} 7. Be3 {[%clk 01:30:54]}
{[%emt 00:01:32]} Bg7 {[%clk 01:28:29]} {[%emt 00:04:05]} 8. Qd2 {[%clk
01:30:56]} {[%emt 00:00:28]} Nc6 {[%clk 01:27:28]} {[%emt 00:01:31]} 9. O-O-O
{[%clk 01:19:20]} {[%emt 00:12:05]} Qc7 {[%clk 01:25:50]} {[%emt 00:02:09]} 10.
g4 {[%clk 01:14:49]} {[%emt 00:05:02]} b5 {[%clk 01:10:23]} {[%emt 00:15:57]}
11. Nxc6 {[%clk 01:04:19]} {[%emt 00:11:00]} Qxc6 {[%clk 01:10:15]} {[%emt
00:00:38]} 12. e5 {[%clk 01:04:08]} {[%emt 00:00:41]} Nxg4 {[%clk 01:07:18]}
{[%emt 00:03:26]} 13. exd6 {[%clk 01:01:53]} {[%emt 00:02:45]} Qxd6 {[%clk
01:05:42]} {[%emt 00:02:07]} 14. Qxd6 {[%clk 00:56:44]} {[%emt 00:05:38]} exd6
{[%clk 01:04:25]} {[%emt 00:01:47]} 15. fxg4 {[%clk 00:57:06]} {[%emt
00:00:08]} Bxg4 {[%clk 01:04:44]} {[%emt 00:00:11]} 16. Rxd6 {[%clk 00:57:08]}
{[%emt 00:00:28]} Ke7 {[%clk 01:04:03]} {[%emt 00:01:11]} 17. Bc5 {[%clk
00:55:36]} {[%emt 00:02:02]} Rhc8 {[%clk 01:04:24]} {[%emt 00:00:10]} 18. Rxg6+
{[%clk 00:55:18]} {[%emt 00:00:48]} Rxc5 {[%clk 01:04:48]} {[%emt 00:00:06]}
19. Rxg7 {[%clk 00:54:52]} {[%emt 00:00:55]} h5 {[%clk 01:05:09]} {[%emt
00:00:09]} 20. Bd3 {[%clk 00:54:45]} {[%emt 00:00:38]} Rd8 {[%clk 01:04:53]}
{[%emt 00:00:46]} 21. h3 {[%clk 00:54:19]} {[%emt 00:00:55]} Be6 {[%clk
01:03:46]} {[%emt 00:01:37]} 22. a3 {[%clk 00:49:57]} {[%emt 00:04:52]} 1-0